000
00212nam a2200097 a 4500
005
20140412111326.0
008
110121s19uu xx 00 eng d
050
_a
ER
_b
Op1
245
_a
Opposites.
999
_c
104651
_d
104651